East Asia with a bad map - Statistics

General Stats
  • This quiz has been taken 34 times
  • The average score is 16 of 17
Answers on the Map
Answers color-coded by a green-red scale on the quiz's map according to % correct below.
 
Answer Stats
Country % Correct
Cambodia
100%
Indonesia
100%
Japan
100%
Laos
100%
Myanmar
100%
Thailand
100%
China
96%
East Timor
96%
Malaysia
96%
North Korea
96%
Philippines
96%
South Korea
96%
Taiwan
96%
Vietnam
96%
Brunei
92%
Singapore
88%
Mongolia
81%
No matching quizzes found
Score Distribution
Percent of People with Each Score
Percentile by Number Answered
Your Score History
You have not taken this quiz